000 00585 a2200193 4500
005 20160310120728.0
008 160216b xxu||||| |||| 00| 0 eng d
020 _a9789339205126
080 _a(079):159.98
_bSHA "2015" R
100 _aSharma, Arun
_914790
245 _aHow to prepare for quantitative aptitude for the CAT
250 _a6th rev.ed.
260 _bMcGraw Hill Education Pvt.Ltd
_aNew Delhi
_c2015
300 _axxix, 715p.
490 _aMcGraw Hill Education series
653 _aAptitude testing - CAT
653 _aCAT - Common admission test
942 _cREF
999 _c83357
_d83356